=LDR 00000nam 2200000 4500 =001 INLIS000000000029633 =005 20200309075001 =035 ##$$a 0010-061300000029633 =008 200309################g##########0#ind## =041 ##$$a Ind =082 ##$$a 158.1 =090 ##$$a 158.1, Tan s =100 ##$$a Tanuwijaya, William =245 1#$$a Sembilan puluh sembilan tanda orang berbakat kaya /$c William Tanuwidjaya =260 ##$$a Yogyakarta :$b Media presindo,$c 2007 =300 ##$$a 95 hlm ; $c 10 x 17, 5 Cm. =650 #4$$a Sukses =850 ##$$a NBPNMAT =020 ##$$a 979-222-153-0 =084 ##$$a 158.1 TAN s =250 ##$$a Cet. 4 =990 ##$$a 20800866 =990 ##$$a 20800869